UEFA Europa League Quarter Finalists 2000-2016 - Statistics

General Stats
  • This quiz has been taken 505 times
    464 since last reset
  • The average score is 44 of 74
Answer Stats
Answer Country % Correct
Sevilla Spain
90%
Liverpool England
88%
Porto Portugal
87%
AC Milan Italy
86%
Atletico Madrid Spain
86%
Benfica Portugal
86%
Inter Milan Italy
86%
Chelsea England
85%
PSV Eindhoven Netherlands
85%
Valencia Spain
84%
Borussia Dortmund Germany
83%
Celtic Scotland
83%
Juventus Italy
81%
Rangers Scotland
81%
Paris Saint-Germain France
80%
Sporting Lisbon Portugal
80%
Barcelona Spain
79%
Feyenoord Netherlands
79%
Lyon France
79%
Bayern Munich Germany
78%
Marseille France
78%
CSKA Moscow Russia
77%
Zenit St. Petersburg Russia
76%
Lazio Italy
75%
Shakhtar Donetsk Ukraine
75%
Fenerbahce Turkey
73%
Villarreal Spain
73%
Manchester City England
72%
Besiktas Turkey
71%
Braga Portugal
70%
Tottenham Hotspur England
70%
Dynamo Kiev Ukraine
69%
Napoli Italy
69%
Schalke Germany
69%
Basel Switzerland
67%
Sparta Prague Czech Republic
67%
Bayer Leverkusen Germany
65%
Fiorentina Italy
65%
Steaua Bucharest Romania
62%
Hamburg Germany
59%
Werder Bremen Germany
59%
Panathinaikos Greece
57%
Athletic Bilbao Spain
56%
Fulham England
55%
Newcastle United England
55%
AZ Alkmaar Netherlands
54%
Bordeaux France
54%
Wolfsburg Germany
54%
Twente Netherlands
53%
Spartak Moscow Russia
52%
Dnipro Dnipropetrovsk Ukraine
49%
Parma Italy
49%
Espanyol Spain
47%
Malaga Spain
46%
Club Brugge Belgium
44%
Standard Liege Belgium
44%
Udinese Italy
44%
Austria Wien Austria
43%
Celta Vigo Spain
43%
Deportivo Alaves Spain
37%
Middlesbrough England
37%
Boavista Portugal
36%
Rubin Kazan Russia
36%
Hapoel Tel Aviv Israel
34%
Getafe Spain
32%
Auxerre France
30%
Levski Sofia Bulgaria
27%
Kaiserslautern Germany
24%
Osasuna Spain
23%
Hannover Germany
22%
Metalist Kharkiv Ukraine
22%
Rapid Bucharest Romania
16%
Rayo Vallecano Spain
15%
Slovan Liberec Czech Republic
9%
No matching quizzes found
Score Distribution
Percent of People with Each Score
Percentile by Number Answered
Your Score History
You have not taken this quiz since the last reset